LEADER 01750nam0 2200397 i 450 001 CFI0302072 005 20231121125450.0 010 $a8871920554 020 $aIT$b95-271s 100 $a20100517d1993 ||||0itac50 ba 101 | $aita 102 $ait 181 1$6z01$ai $bxxxe 182 1$6z01$an 200 1 $aCaos e frattali$ematematica dei sistemi dinamici e applicazioni al calcolatore$fRobert L. Devaney 205 $a2. ed 210 $aMilano$cAddison-Wesley Masson$d1993 215 $a202 p., \8! c. di tav.$cill$d24 cm 300 $aTrad. di Giovanna Cerchioni. 500 10$aChaos, fractals and dynamics.$3LO10250131$9UFIV023576$93605828 606 $aFrattali$2FIR$3RMLC006440$9I 606 $aSistemi dinamici$2FIR$3RMLC174603$9I 606 $aMatematica$xElaborazione dei dati$2FIR$3RMLC399674$9I 676 $a003$9$v20 700 1$aDevaney$b, Robert L.$f <1948- >$3UFIV023576$4070$021043 801 3$aIT$bIT-01$c20100517 850 $aIT-RM0198 $aIT-FR0098 $aIT-FR0099 899 $aBIBLIOTECA DEL TRASPORTO TERRESTRE$bRM0198 899 $aBiblioteca Area Giuridico Economica$bFR0098 899 $aBiblioteca Area Ingegneristica$bFR0099 $eN 912 $aCFI0302072 950 0$aBiblioteca Area Giuridico Economica$d 53TER Laboratorio di calcolo$e 53VM 0000112705 VM barcode:ECO012301. - Inventario:6856. - Fondo:Laboratorio calcoloVM$fB $h20051220$i20121204 950 0$aBiblioteca Area Ingegneristica$d 54S. L. 003 DEV$e 54DII0000052375 VMB RS $fA $h20011023$i20190722 977 $a 32$a 53$a 54 996 $aChaos, fractals and dynamics$93605828 997 $aUNICAS LEADER 02702nas 2200517 n 450 001 990008896300403321 005 20240229084257.0 011 $a0523-056X 035 $a000889630 035 $aFED01000889630 035 $a(Aleph)000889630FED01 035 $a000889630 091 $2CNR$aP 00008641 100 $a20161109b19501987km-y0itaa50------ba 101 0 $afre 102 $aFR 110 $aauu-------- 200 1 $aAnnales scientifiques de l'Université de Besancon. Géologie 207 1$a1950-1987 210 $aBesancon$cInstitut des sciences naturelles 430 0$1001000889620$12001$aAnnales scientifiques de Franche-Comté. Géologie 440 0$1001000889645$12001$aAnnales scientifiques de l'Université de Franche-Comté. Géologie 530 0 $aAnnales scientifiques de l'Université de Besancon. Géologie 675 $a55 675 $a551.1/.4 675 $a001.891 676 $a001.4 676 $a551 676 $a550 712 02$aUniversité de Besançon 801 0$aIT$bACNP$c20090723 859 4 $uhttp://acnp.cib.unibo.it/cgi-ser/start/it/cnr/dc-p1.tcl?catno=4127&person=false&language=ITALIANO&libr=&libr_th=unina1$zBiblioteche che possiedono il periodico 901 $aSE 912 $a990008896300403321 958 $aBiblioteca del Gruppo Geomineralogico - Università degli studi di Napoli Federico II$b1950-1958;1971;$fGM1 958 $aBiblioteca Centralizzata. Facoltà di Agraria dell'Università Federico II di Napoli$b1950-1987.$fFAGBC 958 $aBiblioteca. Dipartimento di Ingegneria Idraulica, Geotecnica e Ambientale. Sede di p.le Tecchio (Geologia applicata). Università degli studi di Napoli Federico II$b1959;$fDINGE 959 $aGM1 959 $aFAGBC 959 $aDINGE 996 $aAnnales scientifiques de l'Université de Besancon. Géologie$9801417 997 $aUNINA AP1 8 $6866-01$aNA081 Biblioteca del Gruppo Geomineralogico - Università degli studi di Napoli Federico II$elargo San Marcellino, 10, 80138 Napoli (NA)$m0812538157$nit AP1 8 $6866-02$aNA087 Biblioteca Centralizzata. Facoltà di Agraria dell'Università Federico II di Napoli$ev. Università, 100 Palazzo Reale, 80055 Portici (NA)$m081-2539322$m081-7760229$nit AP1 8 $6866-03$aNA118 Biblioteca. Dipartimento di Ingegneria Idraulica, Geotecnica e Ambientale. Sede di p.le Tecchio (Geologia applicata). Università degli studi di Napoli Federico II$ep.le Tecchio,80, Napoli (NA)$m(081) 7682169$m(081) 7682162$nit AP2 40$aacnp.cib.unibo.it$nACNP Italian Union Catalogue of Serials$uhttp://acnp.cib.unibo.it/cgi-ser/start/it/cnr/df-p.tcl?catno=4127&language=ITALIANO&libr=&person=&B=1&libr_th=unina&proposto=NO